Rynek zbóż w Polsce / (Rekord nr 46288)
| 000 -ETYKIETA REKORDU | |
|---|---|
| podpole kontrolne o stałej długości | 00805nam a2200241 i 4500 |
| 001 - NUMER KONTROLNY REKORDU | |
| pole kontrolne | bg |
| 015 ## - NUMER BIBLIOGRAFII NARODOWEJ | |
| Numer bibliografii narodowej | PB 8937/2005 |
| 020 ## - MIĘDZYNARODOWY ZNORMALIZOWANY NUMER KSIĄŻKI - ISBN | |
| ISBN | 837160341X |
| 040 ## - ŹRÓDŁO KATALOGOWANIA | |
| Instytucja, która utworzyła rekord | BPK |
| 041 0# - KOD JĘZYKA | |
| Kod języka tekstu | pol |
| 080 ## - UNIWERSALNA KLASYFIKACJA DZIESIĘTNA - UKD | |
| UKD | 633.1:339.146](438:4-67)"1989/..." |
| 920 ## - Międzynarodowy znormalizowany numer książki – ISBN | |
| ISBN | 83-7160-341-X |
| 008 - POLE O STAŁEJ DŁUGOŚCI - DANE KONTROLNE | |
| podpole kontrolne o stałej długości | s pl f |000 0 pol |
| 100 1# - NAZWA OSOBOWA | |
| Nazwa osobowa | KOZERA, Magdalena |
| 245 10 - TYTUŁ/ODPOWIEDZIALNOŚĆ | |
| Tytuł | Rynek zbóż w Polsce / |
| Pozostałe elementy strefy tytułu i oznaczenia odpowiedzialności | Magdalena Kozera. |
| 260 ## - STREFA ADRESU WYDAWNICZEGO | |
| Miejsce wydania | Poznań : |
| Nazwa wydawcy/dystrybutora | Wydaw. Akademii Rolniczej im. Augusta Cieszkowskiego, |
| Data publikacji, dystrybucji/powstania dokumentu | 2004. |
| 300 ## - STREFA OPISU FIZYCZNEGO | |
| Objętość | 192 s. : |
| Inne cechy fizyczne | mapy, rys., wykr. ; |
| Rozmiary | 24 cm. |
| 504 ## - UWAGA DOTYCZĄCA BIBLIOGRAFII | |
| Informacje o bibliografii | Bibliogr. s. 180-192. |
| 650 #9 - HASŁO PRZEDMIOTOWE W FORMIE NAZWY OGÓLNEJ LUB JEDNOSTKOWEJ | |
| Nazwa ogólna lub geograficzna | Zboże |
| Określnik ogólny | handel |
| Określnik geograficzny | kraje Unii Europejskiej |
| 650 #9 - HASŁO PRZEDMIOTOWE W FORMIE NAZWY OGÓLNEJ LUB JEDNOSTKOWEJ | |
| Nazwa ogólna lub geograficzna | Zboże |
| Określnik ogólny | handel |
| Określnik geograficzny | Polska |
| Określnik chronologiczny | od 1989 r. |
| 856 ## - LOKALIZACJA I DOSTĘP DO ELEKTRONICZNYCH DOKUMENTÓW ZDALNYCH | |
| Link (URL) | http://koha.tu.koszalin.pl/cgi-bin/koha/opac-detail.pl?biblionumber=46288 |
| Tekst linku | Katalog online BPK |
| 942 ## - DODATKOWE ELEMENTY (KOHA) | |
| Typ dokumentu | Książka |
| Wycofany | Status egzemplarza | Uszkodzony | Dostępność | Lokalizacja stała | Lokalizacja bieżąca | Miejsce przechowywania | Sygnatura | Kod kreskowy | Dział | Typ dokumentu |
|---|---|---|---|---|---|---|---|---|---|---|
| Tylko na miejscu | Biblioteka Politechniki Koszalińskiej | Biblioteka Politechniki Koszalińskiej | Czytelnia BG | 76148 | 02277615 | 338.43 Ekonomika rolnictwa | Książka | |||
| Dostępny | Biblioteka Politechniki Koszalińskiej | Biblioteka Politechniki Koszalińskiej | Wypożyczalnia BG | 76149 | 02277608 | Książka |
